Statistics for Bordering U.S. States that Voted the Most Different in 2016

Click here to take the quiz!

General Stats

  • This quiz has been taken 77 times
  • The average score is 20 of 24

Answer Stats

DifferenceMarginU.S. State% Correct
-5.32Virginia
95%
-4.91Colorado
93%
-4.91Colorado
93%
Difference: 68.49+42.07West Virginia
91%
Difference: 41.35+42.07West Virginia
91%
Difference: 47.39+42.07West Virginia
91%
-17.06Illinois
84%
-17.06Illinois
84%
-17.06Illinois
84%
Difference: 51.21+46.3Wyoming
84%
Difference: 36.23+19.17Indiana
83%
Difference: 45.29+37.08Oklahoma
83%
Difference: 41.99+37.08Oklahoma
83%
+0.72Pennsylvania
83%
-26.42Maryland
81%
Difference: 35.7+18.64Missouri
81%
Difference: 46.9+29.84Kentucky
79%
-8.21New Mexico
78%
Difference: 47.48+31.77Idaho
76%
Difference: 42.75+31.77Idaho
76%
-15.71Washington
76%
-10.98Oregon
74%
-1.52Minnesota
71%
Difference: 37.25+35.73North Dakota
66%

Score Distribution

Percentile by Number Answered

Percent of People with Each Score

Your Score History

You have not taken this quiz